000 00508nam a2200169Ia 4500
008 230917s9999||||xx |||||||||||||| ||und||
020 _cRS 695.00
040 _e5008644
_aMAIN
041 _aEnglish
082 _a294.55630922 D33N:K
100 _aNavdeep Kumar
245 0 _aKrantisurya Maharshi Dayanand va unke vilakshan karmyogi
260 _aDelhi
_bKalpna Prakashan
_c2021
300 _a304 p.
500 _a4558 04/03/2022 HBD22/9285 04/03/2022 Centre for Maharishi Danyand Vedic Studi
942 _cBK
999 _c5583
_d5583